000 00748nam a2200205 i 4500
001 40962
003 ES-MaACL
005 20250806063123.0
007 t|
008 030307s1978 sp ||||1| spa d
100 1 _aCarlos Esteban, Álvaro de
_935294
245 1 0 _aOrganización del Estado y de la Administración pública y técnicas de simplificación del trabajo administrativo /
_cpor Alvaro de Carlos Esteban y Manuel Galván Dopazo.
250 _a5ª ed.
260 _a[Madrid :
_bs.n.,
_c1978] (
_fImp. A. Caballero)
300 _a207 p. ;
_c24 cm.
500 _aOposiciones Cuerpos Administrativos del Estado.
700 1 _aGalván Dopazo, Manuel.
_953690
852 _aES-MaACL
_jA-9439
_bR.98621
999 _c40962
_d40962